| 000 | 00455nam a2200169 4500 | ||
|---|---|---|---|
| 003 | SEACOMEC | ||
| 005 | 20250926125349.0 | ||
| 008 | 250411b |||||||| |||| 00| 0 eng d | ||
| 020 |
_a9788173815560 _c295.00 |
||
| 040 | _aSEACOMEC | ||
| 082 |
_a530.024 _bK96 |
||
| 100 | _aKuila, S. P. | ||
| 245 |
_aPrinciples of Engineering Physics: Volume II _cS. P. Kuila |
||
| 260 |
_aKolkata: _bNew Central Book Agency, _c2009 |
||
| 300 | _avol-2 | ||
| 942 | _cBOOK | ||
| 999 |
_c2186 _d2186 |
||